|
|
|
|
| LEADER |
007030000a22002050004500 |
| 020 |
|
|
|a 81-230-0185-1
|
| 082 |
|
|
|a 920 GAN K82
|
| 100 |
|
|
|a Mohan Rao, U S; Ed
|
| 245 |
|
|
|a The message of Mahatma Gandhi
|
| 260 |
|
|
|a New Delhi, Ministry of Information and Broadcasting
|
| 260 |
|
|
|c 1968
|
| 465 |
|
|
|a Rs.50.00
|
| 500 |
|
|
|a ed by U S Mohan Rao
|
| 650 |
|
|
|a Gandhi, Mahatma-Biography
|
| 650 |
|
|
|a Gandhi, Mahatma-Philosophy
|
| 650 |
|
|
|a Gandhi, Mahatma-Political views
|
| 650 |
|
|
|a Gandhi, Mahatma-Social views
|
| 942 |
|
|
|c BK
|
| 999 |
|
|
|c 2391
|d 2391
|
| 952 |
|
|
|0 0
|1 0
|4 0
|6 920_000000000000000_GAN_K82
|7 0
|8 ENG
|9 2183
|a MGUL
|b MGUL
|d 2013-07-16
|e Rs.50.00
|l 1
|o 920 GAN K82
|p 24759
|r 2014-04-22
|s 2014-03-28
|w 2013-07-16
|y BK
|